000 00643nam a2200217 a 4500
001 49955
003 BD-RjUL
005 20211209075433.0
008 160828s1968 ii 000 0 eng
035 _a(BD-RjUL)50075
040 _aDLC
_cDLC
_dBD-RjUL
_beng
041 _aeng
082 0 0 _a347.50954
_223
_bMUK 1968
100 1 _aMulla, Dinshah Fardunji
_d1868-1934.
_9149711
245 1 4 _aThe key to civil practice, being a summary of the Code of civil procedure /
_cMulla
250 _a5th ed.
260 _aKarachi :
_bUnion book stall,
_c1968
300 _a90 p. ;
_c24 cm.
650 0 _aCivil procedure
_zIndia.
_9142899
942 _2ddc
_cBK
999 _c49955
_d49955